Clic Dans quel pays se trouvait cette région historique ? 1 (Europe) - Statistiques

Statistiques générales
  • Ce quiz a été pris 31 fois
  • Le résultat moyen est 10 sur 35
Statistiques - réponses
Hint Réponse % Correct
Brabant Belgique
74%
Murcie Espagne
74%
Connaught Irlande
59%
Nivernais France
56%
Tessin Suisse
56%
Northumbrie Royaume-Uni
52%
Styrie Autriche
44%
Ombrie Italie
44%
Trégor France
41%
Leinster Irlande
41%
Lubuszie Pologne
41%
Vestursléttur Islande
37%
Carinthie Autriche
33%
Aunis France
33%
Alentejo Portugal
33%
Minho Portugal
30%
Pannonie Hongrie
26%
Midhálendid Islande
22%
Cujavie Pologne
22%
Slavonie Croatie
19%
Lolland Danemark
19%
Varmelande Suède
15%
Akerhus Norvège
11%
Slobodie Ukraine
11%
Ruthénie Ukraine
11%
Polasquie Biélorussie
7%
Fionie Danemark
7%
Savonie Finlande
7%
Podunavie Slovaquie
7%
Mésie Bulgarie
4%
Nylande Finlande
4%
Birquelande Finlande
4%
Olténie Roumanie
4%
Carniole Timochène Serbie
4%
Méranie Tchéquie
4%
Aucun quiz correspondant
Distribution des résultats
% des personnes avec chaque résultat
Percentile par nombre de réponses
Votre historique - résultats
Vous n’avez pas pris ce quiz